[Event "EU-chT Seniors 15th"]
[Site "Dresden"]
[Date "2013.07.28"]
[Round "9"]
[White "Walther, Diethelm"]
[Black "Johnsen, Oystein"]
[Result "0-1"]
[WhiteElo "2159"]
[BlackElo "2038"]
[PlyCount "96"]
[EventDate "2013.07.20"]
[EventType "team-swiss"]
[EventRounds "9"]
[EventCountry "GER"]
[SourceTitle "CBM 155 Extra"]
[Source "ChessBase"]
[SourceDate "2013.08.26"]
[SourceVersion "1"]
[SourceVersionDate "2013.08.26"]
[SourceQuality "1"]
[WhiteTeam "Rheno Palatinat"]
[BlackTeam "Norway II"]
[WhiteTeamCountry "GER"]
[BlackTeamCountry "NOR"]

1. d4 d5 2. Bg5 Nf6 3. Nc3 Nbd7 4. Nf3 e6 5. e3 Be7 6. Bd3 c5 7. dxc5 Nxc5 8. 0-0 Nxd3 9. Qxd3 0-0 10. Rad1 h6 11. Bxf6 Bxf6 12. e4 dxe4 13. Nxe4 Be7 14. Qc3 Qb6 15. Ne5 Bb4 16. Qb3 Ba5 17. Qg3 Kh7 18. Nd6 Qc7 19. Rd4 Bb6 20. Rg4 g5 21. Ne4 f6 22. Qa3 Qg7 23. Nf3 e5 24. Rg3 Be6 25. h4 g4 26. Qd3 Bf5 27. h5 Rad8 28. Qe2 Qd7 29. Nh4 Bxe4 30. Qxe4+ f5 31. Qb4 Qd6 32. Qb3 Qf6 33. Ng6 Rfe8 34. Re3 Bxe3 35. fxe3 Rd7 36. Qc3 Kg7 37. g3 e4 38. Qc5 Qd6 39. Qc3+ Kh7 40. Rxf5 Qxg3+ 41. Kf1 Qh3+ 42. Ke1 Qg3+ 43. Kf1 Qh3+ 44. Ke1 Qg3+ 45. Ke2 Qh2+ 46. Ke1 g3 47. Qc4 Qh1+ 48. Rf1 g2 0-1

[Event "EU-chT Seniors 15th"]
[Site "Dresden"]
[Date "2013.07.25"]
[Round "6"]
[White "Juergens, Peter1111"]
[Black "Walther, Diethelm"]
[Result "1/2-1/2"]
[WhiteElo "2015"]
[BlackElo "2159"]
[PlyCount "67"]
[EventDate "2013.07.20"]
[EventType "team-swiss"]
[EventRounds "9"]
[EventCountry "GER"]
[SourceTitle "CBM 155 Extra"]
[Source "ChessBase"]
[SourceDate "2013.08.26"]
[SourceVersion "1"]
[SourceVersionDate "2013.08.26"]
[SourceQuality "1"]
[WhiteTeam "Niedersachsen Freibauer"]
[BlackTeam "Rheno Palatinat"]
[WhiteTeamCountry "GER"]
[BlackTeamCountry "GER"]

1. d4 d5 2. c4 Bf5 3. cxd5 Bxb1 4. Rxb1 Qxd5 5. Qa4+ Nc6 6. Nf3 e6 7. Bd2 Bd6 8. a3 Nf6 9. e3 0-0 10. Qc4 a6 11. Qxd5 exd5 12. Bd3 Rae8 13. 0-0 Ne4 14. Rfc1 f5 15. Be1 Rf6 16. g3 Nd8 17. b4 Nf7 18. a4 g5 19. b5 axb5 20. axb5 b6 21. Ra1 f4 22. exf4 gxf4 23. Nd2 Nfg5 24. Kg2 fxg3 25. hxg3 Ref8 26. f4 Bxf4 27. Nxe4 dxe4 28. Bc4+ Kh8 29. gxf4 Rxf4 30. Bg3 Rg4 31. Rf1 Nf3 32. Kh3 h5 33. Be5+ Kh7 34. Bxc7 1/2-1/2

[Event "GER-chT Seniors 19th"]
[Site "Eckernfoerde"]
[Date "2010.09.13"]
[Round "1.1"]
[White "Walther, Diethelm"]
[Black "Burger, Heinrich"]
[Result "1-0"]
[WhiteElo "2002"]
[BlackElo "2049"]
[PlyCount "105"]
[EventDate "2010.09.13"]
[EventType "team-swiss"]
[EventRounds "7"]
[EventCountry "GER"]
[SourceTitle "EXT 2011"]
[Source "ChessBase"]
[SourceDate "2010.11.26"]
[SourceVersion "1"]
[SourceVersionDate "2010.11.26"]
[SourceQuality "1"]
[WhiteTeam "Rheinland Pfalz"]
[BlackTeam "Berlin II"]
[WhiteTeamCountry "GER"]
[BlackTeamCountry "GER"]

1. d4 Nf6 2. Bg5 c5 3. d5 Qb6 4. b3 g6 5. Bxf6 Qxf6 6. c3 d6 7. e4 Bg7 8. Qd2 0-0 9. Bd3 e6 10. Ne2 exd5 11. exd5 Nd7 12. 0-0 Ne5 13. Na3 a6 14. Nc2 Bd7 15. Ne3 Rfe8 16. Rae1 Ng4 17. Nxg4 Bxg4 18. c4 Bxe2 19. Rxe2 Qc3 20. Qxc3 Bxc3 21. Rc1 Rxe2 22. Bxe2 Re8 23. Bf1 Bd4 24. Rc2 Re1 25. Re2 Ra1 26. g3 b5 27. cxb5 axb5 28. Rc2 Kg7 29. Kg2 Kf6 30. Bxb5 Rb1 31. Bc4 Rb2 32. Rxb2 Bxb2 33. a4 Bc3 34. f4 Ke7 35. Kf3 f5 36. g4 fxg4+ 37. Kxg4 Kf6 38. Bd3 h5+ 39. Kf3 g5 40. h3 Ba5 41. Be2 Bd2 42. fxg5+ Kxg5 43. Ke4 h4 44. Kd3 Be1 45. Kc4 Kf6 46. Kb5 Ke7 47. Kb6 Kd8 48. Bg4 c4 49. bxc4 Bf2+ 50. Kc6 Ke7 51. a5 Bc5 52. a6 Kf6 53. Kb7 1-0

[Event "EU-chT Seniors 12th"]
[Site "Dresden"]
[Date "2010.02.15"]
[Round "6"]
[White "Walther, Diethelm"]
[Black "Bennett, Patrick"]
[Result "0-1"]
[WhiteElo "2154"]
[BlackElo "2087"]
[PlyCount "88"]
[EventDate "2010.02.10"]
[EventType "team-swiss"]
[EventRounds "9"]
[EventCountry "GER"]
[SourceTitle "CBM 134 Extra"]
[Source "ChessBase"]
[SourceDate "2010.03.03"]
[SourceVersion "1"]
[SourceVersionDate "2010.03.03"]
[SourceQuality "1"]
[WhiteTeam "Rheno Palatinat (Seniors)"]
[BlackTeam "Wales (Seniors)"]
[WhiteTeamCountry "GER"]
[BlackTeamCountry "WLS"]

1. d4 g6 2. e4 Bg7 3. Nc3 d6 4. Be3 a6 5. h3 b5 6. Nf3 Nd7 7. Qd2 c5 8. Rd1 Bb7 9. dxc5 Nxc5 10. Bd3 Rc8 11. 0-0 Nf6 12. Rfe1 0-0 13. Bh6 b4 14. Bxg7 Kxg7 15. Nd5 Nxd5 16. exd5 Bxd5 17. Nh2 Nxd3 18. cxd3 a5 19. Ng4 Bxa2 20. Qh6+ Kh8 21. Re3 f5 22. Nh2 Bd5 23. d4 Rf7 24. Rde1 Rc7 25. f4 Qg8 26. Nf3 Bxf3 27. gxf3 Qg7 28. Qxg7+ Kxg7 29. Ra1 Ra7 30. b3 Rf8 31. Rc1 Rb8 32. Kf2 Kf7 33. d5 Rb5 34. Rd3 Rc5 35. Ra1 Rb7 36. Re1 Rc3 37. Ree3 Rbc7 38. Ke2 Rc2+ 39. Rd2 Ke8 40. h4 R7c5 41. Red3 Kd7 42. Ke3 R5c3 43. Kd4 Rxd2 44. Rxd2 Rxb3 0-1

[Event "EU-chT Seniors 11th"]
[Site "Velden"]
[Date "2009.04.09"]
[Round "5"]
[White "Niebuhr, Gerd"]
[Black "Walther, Diethelm"]
[Result "1/2-1/2"]
[WhiteElo "2048"]
[BlackElo "2173"]
[PlyCount "61"]
[EventDate "2009.04.05"]
[EventType "team-swiss"]
[EventRounds "9"]
[EventCountry "AUT"]
[SourceTitle "CBM 129 Extra"]
[Source "ChessBase"]
[SourceDate "2009.05.05"]
[SourceVersion "2"]
[SourceVersionDate "2009.05.20"]
[SourceQuality "1"]

1. d4 d5 2. c4 Bf5 3. cxd5 Bxb1 4. Qa4+ c6 5. Rxb1 Qxd5 6. Nf3 e6 7. Bd2 Nd7 8. Qc2 Ngf6 9. e3 Nb6 10. Bd3 h6 11. 0-0 Be7 12. e4 Qh5 13. b3 0-0 14. a4 g5 15. Bc3 Nbd7 16. Ne5 Nxe5 17. dxe5 Nd7 18. Be2 Qg6 19. f4 f5 20. exf6 Bxf6 21. f5 exf5 22. Bc4+ Kh7 23. Rxf5 Bxc3 24. Qxc3 Rxf5 25. exf5 Qg7 26. Qxg7+ Kxg7 27. Re1 Kf6 28. Re6+ Kxf5 29. Rxh6 Nf6 30. Bd3+ Ke5 31. Rg6 1/2-1/2

[Event "Bayern-ch Seniors 18th"]
[Site "Schloss Schney"]
[Date "2006.07.03"]
[Round "9"]
[White "Walther, Diethelm"]
[Black "Schmidt, Walter1111"]
[Result "1-0"]
[WhiteElo "2036"]
[BlackElo "1881"]
[PlyCount "87"]
[EventDate "2006.06.25"]
[EventType "swiss"]
[EventRounds "9"]
[EventCountry "GER"]
[SourceTitle "EXT 2007"]
[Source "ChessBase"]
[SourceDate "2006.11.23"]
[SourceVersion "1"]
[SourceVersionDate "2006.11.23"]
[SourceQuality "1"]

1. d4 d5 2. Bg5 Nf6 3. Nc3 e6 4. f3 Nbd7 5. e4 dxe4 6. fxe4 Be7 7. Nf3 h6 8. Bf4 a6 9. Be2 0-0 10. 0-0 b6 11. Qd2 Bb4 12. Bd3 Re8 13. e5 Nd5 14. Bxh6 Qe7 15. Bg5 f6 16. exf6 gxf6 17. Bh4 Qg7 18. a3 Bd6 19. Ne2 Bb7 20. c4 Ne7 21. Nf4 Qg4 22. Bg3 Nf5 23. Bxf5 exf5 24. d5 Nc5 25. Nd4 Ne4 26. Qd3 Bc5 27. b4 Bxd4+ 28. Qxd4 Kf7 29. Rf3 Rad8 30. Ne6 Rd7 31. Raf1 Rxe6 32. dxe6+ Kxe6 33. Qe3 Kf7 34. Rxf5 Re7 35. Qd4 Qg6 36. Be5 Ke8 37. Bg3 Nxg3 38. hxg3 Qxg3 39. Qf2 Qg4 40. Rf4 Qg5 41. Rxf6 Be4 42. Rd1 Qg7 43. Rf4 Qg8 44. Qd2 1-0

[Event "Bayern-ch Seniors 17th"]
[Site "Schloss Schney"]
[Date "2005.06.16"]
[Round "7"]
[White "Walther, Diethelm"]
[Black "Erhart, Uwe"]
[Result "1-0"]
[WhiteElo "2077"]
[BlackElo "1984"]
[PlyCount "87"]
[EventDate "2005.06.10"]
[EventType "swiss"]
[EventRounds "9"]
[EventCountry "GER"]
[SourceTitle "EXT 2006"]
[Source "ChessBase"]
[SourceDate "2005.11.24"]
[SourceVersion "1"]
[SourceVersionDate "2005.11.24"]
[SourceQuality "1"]

1. d4 Nf6 2. Bg5 g6 3. Nc3 Bg7 4. e4 d6 5. Qd2 c5 6. d5 a6 7. a4 Qa5 8. Ra3 h6 9. Bf4 Nbd7 10. Bd3 Nh5 11. Be3 Ne5 12. Be2 Ng4 13. Bxg4 Bxg4 14. h3 Bd7 15. Nge2 Rb8 16. 0-0 Qc7 17. a5 Bb5 18. Nxb5 axb5 19. c3 Nf6 20. f3 h5 21. b4 c4 22. Nd4 Qd7 23. Rfa1 0-0 24. Bh6 e5 25. dxe6 fxe6 26. Bxg7 Kxg7 27. Qg5 e5 28. Nf5+ Kf7 29. Ne3 Ra8 30. Qg3 Kg7 31. Rd1 Ra6 32. Ra2 Qe6 33. Rad2 Rd8 34. Qg5 Rd7 35. Nd5 Nxd5 36. Rxd5 b6 37. Rxb5 bxa5 38. bxa5 Rda7 39. Rb6 Rxb6 40. axb6 Rb7 41. Qd8 Rd7 42. Qb8 Qf7 43. Ra1 Rb7 44. Qxb7 1-0

[Event "GER-chT Seniors 13th"]
[Site "Dresden"]
[Date "2004.08.04"]
[Round "4"]
[White "Badestein, Hartmut"]
[Black "Walther, Diethelm"]
[Result "1/2-1/2"]
[WhiteElo "2190"]
[BlackElo "2193"]
[PlyCount "33"]
[EventDate "2004.08.01"]
[EventType "team"]
[EventRounds "7"]
[EventCountry "GER"]
[SourceTitle "CBM 103 Extra"]
[Source "ChessBase"]
[SourceDate "2005.01.01"]
[SourceVersion "1"]
[SourceVersionDate "2005.01.01"]
[SourceQuality "1"]

1. e4 c5 2. Nf3 Nc6 3. Bb5 g6 4. 0-0 Bg7 5. c3 e5 6. Re1 Nge7 7. d3 Qb6 8. Na3 0-0 9. Bg5 d6 10. Qc1 a6 11. Bc4 Qc7 12. b4 b5 13. Bb3 Bg4 14. bxc5 dxc5 15. Qd2 Bxf3 16. gxf3 Qd6 17. Nc2 1/2-1/2

[Event "Bad Woerishofen Seniors op 20th"]
[Site "Bad Woerishofen"]
[Date "2004.03.22"]
[Round "5"]
[White "Villing, Dieter"]
[Black "Walther, Diethelm"]
[Result "1/2-1/2"]
[WhiteElo "2231"]
[BlackElo "2161"]
[PlyCount "56"]
[EventDate "2004.03.18"]
[EventType "swiss"]
[EventRounds "9"]
[EventCountry "GER"]
[SourceTitle "CBM 099 Extra"]
[Source "ChessBase"]
[SourceDate "2004.05.04"]
[SourceVersion "1"]
[SourceVersionDate "2004.05.04"]
[SourceQuality "1"]

1. e4 c5 2. f4 Nc6 3. Nf3 g6 4. Bb5 Bg7 5. Bxc6 bxc6 6. d3 Rb8 7. Nbd2 Ba6 8. e5 Nh6 9. Qe2 0-0 10. Ne4 d5 11. Neg5 Bc8 12. 0-0 Qd7 13. Be3 f6 14. Nh3 d4 15. Bc1 Qd5 16. Nf2 Ng4 17. h3 Nh6 18. Ne4 Ba6 19. b3 f5 20. Neg5 e6 21. Ba3 Nf7 22. Nxf7 Rxf7 23. Ng5 Rc7 24. Qf2 Bf8 25. Kh2 Bc8 26. Rae1 Qd8 27. Qd2 Rg7 28. c4 a5 1/2-1/2

[Event "GER-chT Seniors 12th"]
[Site "Finsterbergen"]
[Date "2003.08.16"]
[Round "7.2"]
[White "Walther, Diethelm"]
[Black "Clemens, Christian"]
[Result "1-0"]
[WhiteElo "2158"]
[BlackElo "2318"]
[PlyCount "71"]
[EventDate "2003.08.10"]
[EventType "team"]
[EventRounds "7"]
[EventCountry "GER"]
[SourceTitle "EXT 2012"]
[Source "ChessBase"]
[SourceDate "2011.11.24"]
[SourceVersion "1"]
[SourceVersionDate "2011.11.24"]
[SourceQuality "1"]
[WhiteTeam "Rheinland Pfalz"]
[BlackTeam "Niedersachsen"]
[WhiteTeamCountry "GER"]
[BlackTeamCountry "GER"]

1. d4 f5 2. Bg5 g6 3. Nc3 d5 4. e3 Bg7 5. h4 c6 6. Bd3 Nf6 7. h5 Nxh5 8. Rxh5 gxh5 9. Qxh5+ Kf8 10. Qf3 Qd7 11. g4 e6 12. Nge2 Ke8 13. gxf5 exf5 14. 0-0-0 Na6 15. Ng3 Rf8 16. Rh1 Nb4 17. Be2 h6 18. Qh5+ Qf7 19. Bxh6 Bxh6 20. Qxh6 Qf6 21. Qf4 Kd8 22. Rh7 Bd7 23. Bf3 Na6 24. Nh5 Qe6 25. Qh2 Nc7 26. Ne2 Ne8 27. Nef4 Qd6 28. Qg3 b6 29. Qg5+ Kc7 30. Rh6 Qb4 31. c3 Qc4 32. Qe7 Qf1+ 33. Bd1 Rg8 34. Rh7 Kb7 35. Qxd7+ Ka6 36. Qxc6 1-0

[Event "GER-chT Seniors 12th"]
[Site "Finsterbergen"]
[Date "2003.08.15"]
[Round "6.1"]
[White "Pape, Manfred"]
[Black "Walther, Diethelm"]
[Result "1/2-1/2"]
[WhiteElo "2157"]
[BlackElo "2158"]
[PlyCount "80"]
[EventDate "2003.08.10"]
[EventType "team"]
[EventRounds "7"]
[EventCountry "GER"]
[SourceTitle "EXT 2012"]
[Source "ChessBase"]
[SourceDate "2011.11.24"]
[SourceVersion "1"]
[SourceVersionDate "2011.11.24"]
[SourceQuality "1"]
[WhiteTeam "Niedersachsen II"]
[BlackTeam "Rheinland Pfalz"]
[WhiteTeamCountry "GER"]
[BlackTeamCountry "GER"]

1. Nf3 d5 2. g3 Bf5 3. Bg2 Nf6 4. d3 h6 5. Nbd2 c6 6. c4 e6 7. 0-0 Nbd7 8. b3 Be7 9. Bb2 0-0 10. a4 a5 11. Ra2 Qb6 12. Qa1 Rfe8 13. e4 dxe4 14. dxe4 Nxe4 15. Nxe4 Bxe4 16. Bxg7 Bxf3 17. Bxf3 Qxb3 18. Be2 Qb6 19. Bxh6 Bf6 20. Qc1 Qd8 21. Rd1 Qe7 22. Qe3 Red8 23. Rad2 Ne5 24. Bf4 Rxd2 25. Rxd2 Ng6 26. Bd6 Qe8 27. Bd3 Kg7 28. Bxg6 Kxg6 29. Qe4+ Kg7 30. Qg4+ Kh7 31. Qh5+ Kg8 32. Qg4+ Kh7 33. Re2 Qh8 34. Re4 Bg7 35. Qf3 Qe8 36. Qh5+ Kg8 37. Rg4 f6 38. Rg6 Rd8 39. c5 Qf7 40. f4 b5 1/2-1/2

[Event "GER-chT Seniors 12th"]
[Site "Finsterbergen"]
[Date "2003.08.14"]
[Round "5.2"]
[White "Walkewitz, Hubert"]
[Black "Walther, Diethelm"]
[Result "1-0"]
[WhiteElo "2234"]
[BlackElo "2158"]
[PlyCount "57"]
[EventDate "2003.08.10"]
[EventType "team"]
[EventRounds "7"]
[EventCountry "GER"]
[SourceTitle "EXT 2012"]
[Source "ChessBase"]
[SourceDate "2011.11.24"]
[SourceVersion "1"]
[SourceVersionDate "2011.11.24"]
[SourceQuality "1"]
[WhiteTeam "Brandenburg"]
[BlackTeam "Rheinland Pfalz"]
[WhiteTeamCountry "GER"]
[BlackTeamCountry "GER"]

1. e4 c5 2. c3 d5 3. exd5 Qxd5 4. d4 Bf5 5. Be3 cxd4 6. cxd4 Bxb1 7. Qa4+ Nc6 8. Rxb1 e6 9. a3 0-0-0 10. Nf3 Bd6 11. Bb5 Nge7 12. 0-0 Rd7 13. Rfc1 Rc7 14. b4 Kb8 15. Bc4 Qf5 16. b5 Nd8 17. b6 axb6 18. Rxb6 Nc8 19. Rb5 Qe4 20. Rcb1 Na7 21. Nd2 Qg6 22. Rb6 Nc8 23. R6b2 f5 24. d5 Qe8 25. Qa5 e5 26. Bb5 Qe7 27. Bc6 f4 28. Bb6 Nxb6 29. Rxb6 1-0

[Event "GER North-ch Seniors 6th"]
[Site "Bad Bevensen"]
[Date "2003.06.29"]
[Round "9"]
[White "Bierwisch, Bernhard"]
[Black "Walther, Diethelm"]
[Result "0-1"]
[WhiteElo "2184"]
[BlackElo "2091"]
[PlyCount "102"]
[EventDate "2003.06.??"]
[EventType "swiss"]
[EventRounds "9"]
[EventCountry "GER"]
[SourceTitle "EXT 2006"]
[Source "ChessBase"]
[SourceDate "2005.11.24"]
[SourceVersion "1"]
[SourceVersionDate "2005.11.24"]
[SourceQuality "1"]

1. e4 c5 2. Nf3 Nc6 3. d4 cxd4 4. Nxd4 g6 5. Be3 Bg7 6. Nc3 Nf6 7. Bc4 Qa5 8. 0-0 0-0 9. Bb3 d6 10. f3 Bd7 11. Qd2 Rfc8 12. Rad1 a6 13. Qf2 Ne5 14. Bd5 Rxc3 15. bxc3 Nxd5 16. exd5 Qxd5 17. Nb3 Qb5 18. Bd4 Rc8 19. Rfe1 Bc6 20. f4 Ng4 21. Qh4 e5 22. Qxg4 f5 23. Qe2 Qxe2 24. Rxe2 exd4 25. cxd4 Be4 26. d5 Bh6 27. Rf2 Kf7 28. Na5 Rc7 29. c4 Bg7 30. c5 dxc5 31. d6 Rd7 32. Nc4 Ke6 33. Ne5 Bxe5 34. fxe5 Kxe5 35. Rc1 b6 36. a4 a5 37. Rd2 Rxd6 38. Rxd6 Kxd6 39. Kf2 Kd5 40. g3 c4 41. Ke3 Kc5 42. g4 Kb4 43. Kd4 Bd3 44. gxf5 gxf5 45. Ra1 Bc2 46. Rc1 Bb3 47. Rf1 Bxa4 48. Rxf5 Bc2 49. Rf1 b5 50. h4 a4 51. Rf7 a3 0-1

[Event "GER North-ch Seniors 6th"]
[Site "Bad Bevensen"]
[Date "2003.06.23"]
[Round "3"]
[White "Ljubarskij, Jurij"]
[Black "Walther, Diethelm"]
[Result "1-0"]
[WhiteElo "2299"]
[BlackElo "2091"]
[PlyCount "61"]
[EventDate "2003.06.??"]
[EventType "swiss"]
[EventRounds "9"]
[EventCountry "GER"]
[SourceTitle "EXT 2006"]
[Source "ChessBase"]
[SourceDate "2005.11.24"]
[SourceVersion "1"]
[SourceVersionDate "2005.11.24"]
[SourceQuality "1"]

1. e4 c5 2. Nc3 Nc6 3. f4 g6 4. Nf3 Bg7 5. Bb5 Nd4 6. Nxd4 cxd4 7. Ne2 Qb6 8. a4 Nh6 9. d3 0-0 10. 0-0 e6 11. Bc4 f5 12. a5 Qc7 13. e5 d6 14. Nxd4 dxe5 15. Nxe6 Bxe6 16. Bxe6+ Kh8 17. fxe5 Ng4 18. h3 Qxe5 19. hxg4 Qxe6 20. gxf5 Rxf5 21. Rxf5 Qxf5 22. c3 Re8 23. Ra4 Rd8 24. d4 Qe4 25. Bd2 Re8 26. Qc1 Qc6 27. Qd1 Qe4 28. Rb4 Qd3 29. Rxb7 Bh6 30. Qf3 Qxd2 31. Qf6+ 1-0

[Event "GER-ch Seniors 15th"]
[Site "Bad Wiessee"]
[Date "2003.05.14"]
[Round "5"]
[White "Reer, Erdmann"]
[Black "Walther, Diethelm"]
[Result "1-0"]
[WhiteElo "2142"]
[BlackElo "2135"]
[PlyCount "67"]
[EventDate "2003.05.??"]
[EventType "swiss"]
[EventRounds "9"]
[EventCountry "GER"]
[SourceTitle "EXT 2006"]
[Source "ChessBase"]
[SourceDate "2005.11.24"]
[SourceVersion "1"]
[SourceVersionDate "2005.11.24"]
[SourceQuality "1"]

1. e4 c5 2. Nc3 Nc6 3. g3 g6 4. Bg2 Bg7 5. Nge2 e6 6. d3 Nge7 7. Be3 d6 8. Qd2 Nd4 9. 0-0 Rb8 10. Nd1 b5 11. Nxd4 cxd4 12. Bh6 0-0 13. Bxg7 Kxg7 14. f4 Bb7 15. Nf2 Qb6 16. Rac1 b4 17. c4 dxc3 18. bxc3 Nc6 19. h4 bxc3 20. Qxc3+ e5 21. Kh2 Nd4 22. Qd2 Bc8 23. Rb1 Qxb1 24. Rxb1 Rxb1 25. f5 Bxf5 26. exf5 Rc8 27. f6+ Kxf6 28. Qg5+ Kg7 29. Ne4 Rb2 30. Qf6+ Kg8 31. Nxd6 Rf8 32. Kh3 Ne2 33. h5 gxh5 34. Qg5+ 1-0